Toutes les chansons des longs-métrages Disney (à partir de 2001) - Statistiques

Statistiques générales
  • Ce quiz a été pris 20 fois
  • Le résultat moyen est 26 sur 211
Statistiques - réponses
Long-métrage Nom de la chanson % Correct
Frère des ours Je m'en vais
71%
Raiponce J'ai un rêve
57%
Raiponce Je voudrais
57%
La Reine des Neiges Je voudrais un bonhomme de neige
57%
Encanto : La fantastique famille Madrigal La Famille Madrigal
57%
Vaiana : La Légende du bout du monde Le Bleu Lumière
57%
La Reine des Neiges | La Reine des neiges II Libérée, délivrée
57%
Encanto : La fantastique famille Madrigal Ne parlons pas de Bruno
57%
Vaiana : La Légende du bout du monde Pour les hommes
57%
La Reine des Neiges En été
50%
La Reine des neiges II J'ai perdu le nord
50%
La Reine des Neiges Le Renouveau
50%
Raiponce Où est la vraie vie ?
50%
La Reine des neiges II Dans un autre monde
43%
Raiponce Je veux y croire
43%
La Reine des Neiges L'amour est un cadeau
43%
Raiponce N'ecoute que moi
43%
Vaiana : La Légende du bout du monde Bling-bling
36%
La Reine des neiges II Je te cherche
36%
Ratatouille Le Festin
36%
Coco Ne m'oublie pas
36%
Encanto : La fantastique famille Madrigal Sous les apparences
36%
Coco Un poco loco
36%
La Princesse et la Grenouille Au bout du rêve
29%
Frère des ours Bienvenue
29%
Il était une fois Comment savoir
29%
Le Livre de la jungle 2 Il en faut peu pour être heureux
29%
La Princesse et la Grenouille Ma belle Evangeline
29%
La Princesse et la Grenouille Mes amis de l'au-delà
29%
Vaiana : La Légende du bout du monde Notre terre
29%
Mulan 2 : La Mission de l'Empereur Première leçon
29%
Encanto : La fantastique famille Madrigal Que sais-je faire d'autre ?
29%
La Planète au trésor, un nouvel univers Un homme libre
29%
La Princesse et la Grenouille A travers le bayou
21%
Wish: Asha et la Bonne Etoile Ce n'est plus mon roi
21%
Mulan 2 : La Mission de l'Empereur Comme les autres filles
21%
Coco Corazon
21%
Peter Pan 2 : Retour au Pays Imaginaire Je crois
21%
La Reine des neiges II La Berceuse d'Ahtohallan
21%
La Reine des Neiges Le chant du renne
21%
La Reine des neiges II Le Chant du renne
21%
Coco Le monde es mi familia
21%
Cars Life is a highway
21%
La Reine des neiges II Point d'avenir sans nous
21%
Il était une fois Si près
21%
La Reine des neiges II Tout réparer
21%
Il était une fois Un baiser
21%
Atlantide, l'empire perdu Aussi loin que tes rêves
14%
Le Sortilège de Cendrillon C'est au bal
14%
Le Roi lion 3 : Hakuna Matata Creuse un tunnel
14%
Il était une fois Ever Ever After
14%
Vaiana : La Légende du bout du monde Je suis Vaiana
14%
Le Bossu de Notre-Dame 2 : Le Secret de Quasimodo J'imagine
14%
Peter Pan 2 : Retour au Pays Imaginaire La Deuxième Etoile
14%
La ferme se rebelle La ferme se rebelle
14%
Coco La Llorona
14%
La Princesse et la Grenouille La Nouvelle-Orléans
14%
Cendrillon 2 : Une vie de princesse Le Monde te respectera
14%
La ferme se rebelle Le retour du soleil d'antan
14%
Frère des ours Les grands esprits
14%
Vaiana : La Légende du bout du monde L'Explorateur
14%
Raiponce L'incantation de la guérison
14%
Frère des ours Mon frère ours
14%
Cendrillon 2 : Une vie de princesse Oser ses rêves
14%
Le Sortilège de Cendrillon Plus que des rêves
14%
Encanto : La fantastique famille Madrigal Pour la vie
14%
La Reine des neiges II Quand je serai plus grand
14%
Le Livre de la jungle 2 Sauvagerie
14%
Vaiana : La Légende du bout du monde Te Fiti
14%
Il était une fois Travailler bien en chantant
14%
Zootopie Try Everything
14%
Volt, star malgré lui Un chat, un chien et un rongeur
14%
Mulan 2 : La Mission de l'Empereur Une belle fille à aimer
14%
Le Sortilège de Cendrillon Une très belle année
14%
La ferme se rebelle Un petit coin de paradis au Far West
14%
Mickey, Donald, Dingo : Les 3 Mousquetaires Un pour tous
14%
Mickey, Donald, Dingo : Les 3 Mousquetaires Au fil de l'amour
7%
Le Monde de Nemo Beyond the Sea
7%
Cendrillon 2 : Une vie de princesse Bibbidi-Bobbidi-Boo
7%
Wish: Asha et la Bonne Etoile Bienvenue à Rosas
7%
Mickey, Donald, Dingo : Les 3 Mousquetaires C'en est fini
7%
Le Roi lion 3 : Hakuna Matata Ce que je veux
7%
Cendrillon 2 : Une vie de princesse Ce qui compte est à l'intérieur
7%
Bienvenue chez les Robinson Ces petits bonheurs
7%
Les Aventures de Porcinet Chantons avec Winnie l'ourson
7%
Encanto : La fantastique famille Madrigal Colombia Mi Encanto
7%
Encanto : La fantastique famille Madrigal Dos Oruguitas
7%
Winnie l'ourson et l'Éfélant Ensemble main dans la main
7%
Le Livre de la jungle 2 Etre un homme comme vous
7%
Le Bossu de Notre-Dame 2 : Le Secret de Quasimodo Folie d'amour
7%
Winnie l'ourson et l'Éfélant Grand Petit Gourou
7%
Lilo et Stitch Hawaiian Rollercoaster Ride
7%
Lilo et Stitch 2 : Hawaï, nous avons un problème! Hawaiian Roller Coaster Ride
7%
Lilo et Stitch He mele no lilo
7%
La Princesse et la Grenouille Humains pour la vie
7%
Les Nouveaux Héros Immortals
7%
Encanto : La fantastique famille Madrigal J'attend le miracle
7%
Wish: Asha et la Bonne Etoile Je fais le voeu
7%
Le Secret de la Petite Sirène Je me rappelle
7%
Les 101 Dalmatiens 2 : Sur la trace des héros Je vois des tâches
7%
Cendrillon 2 : Une vie de princesse Laisse parler ton coeur
7%
Le Livre de la jungle 2 La Marche des éléphants
7%
Winnie l'ourson et l'Éfélant Le Jeu du Nom
7%
Le Bossu de Notre-Dame 2 : Le Secret de Quasimodo Le jour d'amour
7%
Le Roi lion 3 : Hakuna Matata Le lion s'endort ce soir
7%
La Fée Clochette Les fées rêvent du printemps
7%
Raiponce Les larmes d'or
7%
Les Aventures de Porcinet L'instinct d'une maman
7%
Mickey, Donald, Dingo : Les 3 Mousquetaires L'opéra
7%
Wish: Asha et la Bonne Etoile Ma promesse
7%
Wish: Asha et la Bonne Etoile Ma récompense
7%
La Reine des Neiges Nul n'est parfait
7%
Tarzan 2 : L'Enfance d'un héros Partir loin
7%
Les Aventures de Porcinet Plus je pense à lui
7%
Peter Pan 2 : Retour au Pays Imaginaire Pour être l'un de nous
7%
Tarzan 2 : L'Enfance d'un héros Qui je suis
7%
Frère des ours Regarde dans mes yeux
7%
La Fée Clochette Restons fidèles à nous-mêmes
7%
Mickey, Donald, Dingo : Les 3 Mousquetaires Sans crier gare
7%
Le Secret de la Petite Sirène Sautez, bougez
7%
Monstres et Cie Si je ne t'avais pas
7%
Les Aventures de Porcinet Si j'étais moins petit
7%
Le Bossu de Notre-Dame 2 : Le Secret de Quasimodo Toi et moi
7%
Wish: Asha et la Bonne Etoile Tous des étoiles
7%
Coco Tout le monde connaît Juanita
7%
Le Secret de la Petite Sirène Une seule erreur
7%
Chicken Little Un seul faux pas
7%
Les Mondes de Ralph When Can I See You Again
7%
Les Aventures de Porcinet Winnie l'ourson
7%
Winnie l'ourson et l'Éfélant Winnie l'Ourson
7%
La ferme se rebelle Yodle-Adle-Eedle-Idle-Oo
7%
La Reine des neiges II All Is Found
0%
Lilo et Stitch aloha e komo mai
0%
La Planète au trésor, un nouvel univers Always Know Where You Are
0%
Rox et Rouky 2 Amis pour la vie
0%
Vaiana : La Légende du bout du monde An Innocent Warrior
0%
Atlantide, l'empire perdu Atlantis
0%
Rox et Rouky 2 Au bout du monde
0%
Le Livre de la jungle 2 Au ryhtme de la jungle
0%
Wish: Asha et la Bonne Etoile A Wish Worth Making
0%
Cars Behind the clouds
0%
Kuzco 2 : King Kronk Camp Chimppamunka
0%
Bambi 2 C'est la vie
0%
Le Secret de la Petite Sirène Chanson d'Athéna
0%
Kuzco 2 : King Kronk Comme à vingt ans
0%
Mickey, Donald, Dingo : Les 3 Mousquetaires Comme je suis beau
0%
La Princesse et la Grenouille Creuse encore et encore
0%
Coco De bons conseils
0%
Les Aventures de Porcinet Deux, trois bons copains
0%
Wall-E Down to earth
0%
Winnie l'ourson et l'Éfélant Effrayants Affolants Efélants
0%
Le Secret de la Petite Sirène Et je chante
0%
Les Aventures de Petit Gourou Fêter Pâques avec vous
0%
Kuzco 2 : King Kronk Fidèle à ton groove
0%
Cars Find yourself
0%
La Fée Clochette Fly to Your Heart
0%
La Fée Clochette Gift of a friend
0%
Mickey, Donald, Dingo : Les 3 Mousquetaires Habanera
0%
Mulan 2 : La Mission de l'Empereur Here beside me
0%
Clochette et la Pierre de lune Il suffit d'y croire
0%
Ralph 2.0 In This Place
0%
Disney Princess Enchanted Tales: Follow Your Dreams I've got my eyes on you
0%
Coco Jálale
0%
Les 101 Dalmatiens 2 : Sur la trace des héros Kanine Krunchie
0%
Mickey, Donald, Dingo : Les 3 Mousquetaires La chanson de Pat
0%
Bambi 2 La Chanson du printemps
0%
Les Aventures de Petit Gourou La chasse aux yeux
0%
Disney Princess Enchanted Tales: Follow Your Dreams La Clé du Royaume
0%
Ralph 2.0 La Course Infernale
0%
Les Aventures de Petit Gourou La manière de faire
0%
Bienvenue chez les Robinson L'ami qui me croira
0%
Bambi 2 L'Amour est éternel
0%
Raya et le dernier dragon Lead the Way
0%
La Reine des Neiges Le coeur de neige
0%
Les Aventures de Petit Gourou Le grand jour de Pâques
0%
Clochette et la Pierre de lune Les contes de fées d'antan
0%
Les Aventures de Petit Gourou Les toiles d'araignées
0%
Wish: Asha et la Bonne Etoile Le voeu parfait
0%
Vaiana : La Légende du bout du monde Logo Te Pate
0%
La Reine des neiges II Lost in the Woods
0%
Cars My heart would know
0%
La Princesse et la Grenouille Never Knew I Needed
0%
Peter Pan 2 : Retour au Pays Imaginaire Oh ! Hisse et Ho
0%
Rox et Rouky 2 On est des champions
0%
Rox et Rouky 2 On est en harmonie
0%
Rox et Rouky 2 On va ensemble
0%
Cars Our town
0%
Disney Princess Enchanted Tales: Follow Your Dreams Peacock Princess
0%
Les Aventures de Porcinet Plus il neigera
0%
Chicken Little Pour l'éternité
0%
Bambi 2 Quand revient le printemps
0%
Cars Real Gone
0%
Les 101 Dalmatiens 2 : Sur la trace des héros Recommence
0%
Les Aventures de Petit Gourou Renifler, éternuer
0%
Cars Route 66
0%
Cars Sh-boom
0%
Rox et Rouky 2 Sois gentil et tais-toi
0%
Le Roi lion 3 : Hakuna Matata Soleil levant, soleil couchant
0%
Raiponce Something that I want
0%
Les Mondes de Ralph Sugar Rush
0%
Il était une fois That's Amore
0%
Bambi 2 The Healing of a Heart
0%
Le Sortilège de Cendrillon Thème d'Anastasie
0%
Bambi 2 Through Your Eyes
0%
Mickey, Donald, Dingo : Les 3 Mousquetaires Tous pour un
0%
Chicken Little Tout défoncer
0%
Vaiana : La Légende du bout du monde Tulou Tagaloa
0%
Encanto : La fantastique famille Madrigal Two Oruguitas
0%
Les Mondes de Ralph Wreck-It, Wreck-It Ralph
0%
Ralph 2.0 Zero
0%
Aucun quiz correspondant
Distribution des résultats
% des personnes avec chaque résultat
Percentile par nombre de réponses
Votre historique - résultats
Vous n’avez pas pris ce quiz